Srdce pumpuje, telo vibruje

Bibliographic Details
Main Author: Kúdelová, Kristína, 1977- (Author)
Format: Article
Language:Slovak
PhysicalDescription:Fotogr.
ISSN:1335-440X
Subjects:

MARC

LEADER 00000nab a2200000 a 4500
001 vtls009085356
003 SK-MaSNL
005 20260303172041.0
008 140512c2007 xo dr|p|||||||000 b|slo
015 |a SNBRB2007/08  |2 snkbucl 
038 |a SNKBUCL 
040 |a SNKBUCL  |b slo  |c SNKBUCL  |e AACR2 
041 |a slo 
044 |a xo  |c SK 
080 |a 791.633-051  |2 2001 
080 |a 791.221.27  |x (437.3)  |2 2001 
100 1 |a Kúdelová, Kristína,  |d 1977-  |4 aut  |9 213312 
245 1 0 |a Srdce pumpuje, telo vibruje  |c Kristína Kúdelová 
300 |b Fotogr. 
500 |a Od 15.1.2007 návrat k pôvodnému vročeniu 
600 1 7 |a Svěrák, Zdeněk,  |d 1936-  |2 snkbucl  |9 105599 
630 0 7 |a Vratné lahve (film)  |2 snkbucl  |9 1041058 
773 0 |t Sme  |g Roč. 15, č. 157 (10.7.2007)  |x 1335-440X 
773 0 8 |t Kultúra  |g S. 
852 |a SNK  |b KIS3GCP 
999 |c 2084649  |d 2086579